Révai nagy lexikona

Gespeichert in:
Bibliographische Detailangaben
Format: Buch
Sprache:Ungarisch
Veröffentlicht: Budapest Révai Testvérek Irodalmi Intézet Részvénytársaság 1911
Tags: Tag hinzufügen
Keine Tags, Fügen Sie das erste Tag hinzu!

MARC

LEADER 00000nam a2200000 4500
001 c123320
005 20041019155228.0
041 0 |a hun 
044 |a HU 
245 1 0 |a Révai nagy lexikona 
264 1 |a Budapest  |b Révai Testvérek Irodalmi Intézet Részvénytársaság  |c 1911 
300 |a 20 zv.